| 000 | 00837cam a2200217 a 4500 | ||
|---|---|---|---|
| 001 | 78634 | ||
| 003 | BD-RjUL | ||
| 005 | 20211209083145.0 | ||
| 008 | 210411s1986 le 00010 arar | ||
| 035 | _a(BD-RjUL)78860 | ||
| 040 |
_aUkOxU _beng _cBD-RjUL |
||
| 041 | _aara | ||
| 043 | _ama----- | ||
| 082 |
_223 _a892.709 _bIBT 1981 |
||
| 100 | 1 |
_a ابراهيم, طه احمد ;; Ibrahim, Taha Ahmed _9246925 |
|
| 245 | 1 | 0 |
_aتأريخ النقد الأدبي عند العرب : من العصر الجاهلي الي القرن الربع الهجري ;; Tārīkh al-naqd al-adabī ʿinda al-ʿArab / _cطه احمد ابراهيم ;; Taha Ahmed Ibrahim |
| 260 |
_aBayrut : _bMaktubat al arabiah, _c1971[1401] |
||
| 300 |
_a188 p. ; _c24 cm. |
||
| 650 | 0 |
_aArabic literature _xHistory and criticism. _9246926 |
|
| 942 |
_2ddc _cBK |
||
| 999 |
_c78634 _d78634 |
||